| 000 | 00589nam a2200205Ia 4500 | ||
|---|---|---|---|
| 003 | GCL | ||
| 008 | 140319s9999 xx 000 0 eng d | ||
| 020 | _a0897813758 | ||
| 040 |
_aGCL / _cGCL |
||
| 082 | 0 | 4 |
_a330.976855053 _bL N |
| 100 | 1 | _aLYNCH, AMY. | |
| 245 | 1 | 0 |
_aNASHVILLE : _bUPBEAT AND DOWN TO BUSINESS / _cLYNCH, AMY. |
| 700 | 1 | _aDICK, MARGARET E. | |
| 260 |
_aنيويورك : _bWINDSOR PUBLICATIONS ، _c1990 |
||
| 300 |
_a152 P _bILL(COL.) ؛ _c30 cm. |
||
| 650 | 0 | 4 | _aECONOMIC CONDITIONS |
| 650 | 0 | 4 | _aECONOMICS |
| 650 | 0 | 4 | _aNASHVILLE - PICTORIAL WORKS |
| 942 |
_2ddc _cBK |
||
| 999 |
_c4851 _d4851 |
||